Do Ermo / (Record no. 113939)

MARC details
000 -LEADER
campo de control de longitud fija 00518nam a2200181 4500
001 - NÚMERO DE CONTROL
campo de control 113939
003 - IDENTIFICADOR DE NÚMERO DE CONTROL
campo de control ES-MaACL
005 - FECHA Y HORA DE LA ÚLTIMA TRANSACCIÓN
campo de control 20230906190035.0
007 - CAMPO FIJO DE DESCRIPCIÓN FÍSICA--INFORMACIÓN GENERAL
campo de control de longitud fija t|
008 - DATOS DE LONGITUD FIJA--INFORMACIÓN GENERAL
campo de control de longitud fija 061121s1969 sp r ||||1| spa d
080 ## - NÚMERO DE LA CLASIFICACIÓN DECIMAL UNIVERSAL
Número de la Clasificación Decimal Universal C-42290
100 1# - ENTRADA PRINCIPAL--NOMBRE DE PERSONA
Nombre de persona Noriega Varela, Antonio.
9 (RLIN) 85987
245 10 - MENCIÓN DEL TÍTULO
Título Do Ermo /
Mención de responsabilidad, etc. Antonio Noriega Varela.
260 ## - PUBLICACIÓN, DISTRIBUCIÓN, ETC.
Lugar de publicación, distribución, etc. La Coruña :
Nombre del editor, distribuidor, etc. Academia Gallega,
Fecha de publicación, distribución, etc. 1969.
300 ## - DESCRIPCIÓN FÍSICA
Extensión 82 p., 1 lám. :
Otras características físicas `retr. aut.` ;
Dimensiones 25 cm.
710 2# - ENTRADA AGREGADA--NOMBRE DE ENTIDAD CORPORATIVA
Nombre de entidad corporativa o nombre de jurisdicción como elemento de entrada Academia Gallega.
9 (RLIN) 1196
852 ## - LOCALIZACIÓN
Ubicación ES-MaACL
Número de control de estantería C-42290
Sublocalización o colección R.69829
Holdings
Estatus retirado Estado de pérdida Estado de daño No para préstamo Biblioteca de origen Biblioteca actual Ubicación en estantería Fecha de adquisición Fuente de adquisición Total de préstamos Signatura topográfica completa Código de barras Visto por última vez Precio de reemplazo Tipo de ítem Koha
        Biblioteca del Ateneo de Madrid Biblioteca del Ateneo de Madrid Depósito 2 17/01/2008     C-42290 1118827 23/02/2023 23/02/2023 Libro impreso